Noms de villes en arpitan - Statistiques

Statistiques générales
  • Ce quiz a été pris 31 fois
  • Le résultat moyen est 12 sur 15
Statistiques - réponses
Nom arpitan Nom français % Correct
Sant-Etiève Saint-Étienne
96%
Fribôrg Fribourg
93%
Grenoblo Grenoble
93%
Vièna Vienne
89%
Losena Lausanne
85%
Tonon Thonon-les-Bains
85%
Velafranche Villefranche-sur-Saône
85%
Arbèrtvile Albertville
81%
Môtrœlx Montreux
78%
Ènneci Annecy
74%
Bôrg Bourg-en-Bresse
74%
Rouana Roanne
67%
Lons Lons-le-Saunier
59%
Montbréson Montbrison
56%
Aoûta Aoste
41%
Aucun quiz correspondant
Distribution des résultats
% des personnes avec chaque résultat
Percentile par nombre de réponses
Votre historique - résultats
Vous n’avez pas pris ce quiz